Fatigue of electronic materials / (Record no. 11270)

000 -LEADER
fixed length control field 00758cam a2200217 a 4500
020 ## - INTERNATIONAL STANDARD BOOK NUMBER
ISBN 0803119941
040 ## - CATALOGING SOURCE
Transcribing agency DLC
082 00 - DEWEY DECIMAL CLASSIFICATION NUMBER
Classification number 621 AST 1994
245 00 - TITLE STATEMENT
Title Fatigue of electronic materials /
260 ## - PUBLICATION, DISTRIBUTION, ETC. (IMPRINT)
Place of publication Philadelphia, PA :
Name of publisher ASTM,
Year of publication c1994.
300 ## - PHYSICAL DESCRIPTION
Number of Pages viii, 146 p. :
Other physical details ill. ;
Dimensions 23 cm.
490 1# - SERIES STATEMENT
Series statement STP ;
500 ## - GENERAL NOTE
General note "ASTM publication code number (PCN): 04-011530-30."
500 ## - GENERAL NOTE
General note "Contains papers presented at the symposium of the same name held in Atlanta, Georgia on 17 May 1993 ... sponsored by Committee E-8 on Fatigue and Fracture"--Foreword.
650 #0 - SUBJECT ADDED ENTRY--TOPICAL TERM
Topical Term Electronics
650 #0 - SUBJECT ADDED ENTRY--TOPICAL TERM
Topical Term Electronics
700 1# - ADDED ENTRY--PERSONAL NAME
Personal name Schroeder, Scott A.
700 1# - ADDED ENTRY--PERSONAL NAME
Personal name Mitchell, M. R.
710 2# - ADDED ENTRY--CORPORATE NAME
Corporate name or jurisdiction name as entry element ASTM Committee E-8 on Fatigue and Fracture.
942 ## - ADDED ENTRY ELEMENTS (KOHA)
Koha item type ADB
952 ## - LOCATION AND ITEM INFORMATION (KOHA)
Withdrawn status [LOCAL, KOHA] 0
952 ## - LOCATION AND ITEM INFORMATION (KOHA)
Withdrawn status [LOCAL, KOHA] 0
952 ## - LOCATION AND ITEM INFORMATION (KOHA)
Withdrawn status [LOCAL, KOHA] 0
Holdings
Permanent Location Date acquired Koha item type Lost status Shelving location Barcode Current Location Full call number
Library Block A2017-07-25សៀវភៅភាសាអង់គ្លេស A036A12097Library Block A621 AST 1994 A036 Or.
Library Block A2017-07-25សៀវភៅភាសាអង់គ្លេស A036A11059Library Block A621 AST 1994 A036 Or.
Library Block A2017-07-25សៀវភៅភាសាអង់គ្លេស A036A09352Library Block A621 AST 1994 A036 Or.
មជ្ឈមណ្ឌលឯការនៃសាកលវិទ្យាល័យភូមិន្ទកសិកម្មចំការដូង

Powered by Koha